| 000 | 00809nam a22002297a 4500 | ||
|---|---|---|---|
| 001 | 6743 | ||
| 003 | FISKH | ||
| 005 | 20250523141222.0 | ||
| 008 | 250523b cb ||||| |||| 00| 0 eng d | ||
| 020 | _a9782266122320 | ||
| 040 |
_aFISKH _bFrench _cFISKH _dFISKH |
||
| 050 | _aPZ7.M8646 P | ||
| 082 | _a843.914 | ||
| 100 | _aMourlevat, Jean-Claude | ||
| 245 |
_aL'enfant Ocean / _cBy Jean-Claude Mourlevat |
||
| 260 |
_aParis : _bPocket Jeunesse , _c1999. |
||
| 300 |
_a151 pages : _billustrations ; _c18 cm . |
||
| 520 | _aLoosely based on Charles Perrault's "Tom Thumb," seven brothers in modern-day France flee their poor parents' farm, led by the youngest who, although mute and unusually small, is exceptionally wise. | ||
| 650 |
_aBatchelder Award _vFiction |
||
| 942 |
_2ddc _cBK _n0 |
||
| 999 |
_c6743 _d6743 |
||